Лингвистические способы реализации наложений речи в ходе устного дискурса (на материале американских и российских теле- и радиоинтервью); Вестник науки Сибири; № 2 (8)
| Parent link: | Вестник науки Сибири: электронный научный журнал/ Томский политехнический университет (ТПУ).— , 2011-.— 2226-0064 № 2 (8).— 2013.— [С. 167-173] |
|---|---|
| Autor Principal: | |
| Summary: | Заглавие с титульного листа Рассмотрены типы наложений, встречающиеся в рамках американских и российских радио- и телеинтервью, определены способы их лингвистической и паралингвистической реализации, а также проведен их контрастивный прагматический анализ. |
| Idioma: | ruso |
| Publicado: |
2013
|
| Series: | Филология. Педагогика |
| Subjects: | |
| Acceso en liña: | http://earchive.tpu.ru/handle/11683/16420 |
| Formato: | MixedMaterials Electrónico Capítulo de libro |
| KOHA link: | https://koha.lib.tpu.ru/cgi-bin/koha/opac-detail.pl?biblionumber=517848 |
MARC
| LEADER | 00000naa2a2200000 4500 | ||
|---|---|---|---|
| 001 | 517848 | ||
| 005 | 20231101105747.0 | ||
| 035 | |a (RuTPU)RU\TPU\prd\196083 | ||
| 035 | |a RU\TPU\prd\196082 | ||
| 090 | |a 517848 | ||
| 100 | |a 20130920d2013 k y0rusy50 ca | ||
| 101 | 0 | |a rus | |
| 102 | |a RU | ||
| 135 | |a drnn ---uucaa | ||
| 181 | 0 | |a i | |
| 182 | 0 | |a b | |
| 200 | 1 | |a Лингвистические способы реализации наложений речи в ходе устного дискурса (на материале американских и российских теле- и радиоинтервью) |f А. В. Шевчук | |
| 203 | |a Текст |c электронный | ||
| 215 | |a 1 файл (363 Кб) | ||
| 225 | 1 | |a Филология. Педагогика | |
| 230 | |a Электронные текстовые данные (1 файл : 363 Кб) | ||
| 300 | |a Заглавие с титульного листа | ||
| 320 | |a [Библиогр.: с. 172-173 (7 назв.)] | ||
| 330 | |a Рассмотрены типы наложений, встречающиеся в рамках американских и российских радио- и телеинтервью, определены способы их лингвистической и паралингвистической реализации, а также проведен их контрастивный прагматический анализ. | ||
| 337 | |a Adobe Reader | ||
| 461 | 1 | |0 (RuTPU)RU\TPU\prd\143680 |x 2226-0064 |t Вестник науки Сибири |o электронный научный журнал |f Томский политехнический университет (ТПУ) |d 2011- | |
| 463 | 1 | |0 (RuTPU)RU\TPU\prd\195836 |t № 2 (8) |v [С. 167-173] |d 2013 | |
| 610 | 1 | |a лингвистика | |
| 610 | 1 | |a дискурс | |
| 610 | 1 | |a устная речь | |
| 610 | 1 | |a наложения | |
| 610 | 1 | |a типы | |
| 610 | 1 | |a коммуникативное поведение | |
| 610 | 1 | |a телеинтервью | |
| 610 | 1 | |a радиоинтервью | |
| 610 | 1 | |a труды учёных ТПУ | |
| 610 | 1 | |a электронный ресурс | |
| 700 | 1 | |a Шевчук |b А. В. |c лингвист |c доцент Томского политехнического университета |f 1962- |g Александр Владимирович |2 stltpush |3 (RuTPU)RU\TPU\pers\31314 | |
| 801 | 1 | |a RU |b 63413507 |c 20090623 |g PSBO | |
| 801 | 2 | |a RU |b 63413507 |c 20180115 |g PSBO | |
| 856 | 4 | |u http://earchive.tpu.ru/handle/11683/16420 | |
| 942 | |c BK | ||